000 00337nam a22001337a 4500
008 170714b xxu||||| |||| 00| 0 eng d
020 _a9780231102186
041 _aeng
080 _a030
100 _a24
101 _aFJA
245 _aTHE COLUMBIA DICTIONARY FAMOUS OF FAMILIAR LINES QUOTIONS
_cANDREWS .R
942 _2udc
_cBK
999 _c20915
_d20915